[Event "ECF Schools-ch"]
[Site "Nottingham"]
[Date "2024.06.27"]
[Round "2.6"]
[White "Burns, Luke"]
[Black "Sohi, Aarav"]
[Result "1/2-1/2"]
[WhiteElo "1358"]
[BlackElo "1431"]
[PlyCount "154"]
[EventDate "2024.06.27"]
[EventType "team-swiss"]
[EventRounds "5"]
[EventCountry "ENG"]
[SourceTitle "EXT 2025"]
[Source "ChessBase"]
[SourceDate "2024.10.14"]
[SourceVersion "1"]
[SourceVersionDate "2024.10.14"]
[SourceQuality "1"]
[WhiteTeam "Bolton School"]
[BlackTeam "King Edward School"]
[WhiteTeamCountry "ENG"]
[BlackTeamCountry "ENG"]

1. d4 d5 2. Bf4 c6 3. Nf3 Nf6 4. e3 g6 5. Bd3 Bg7 6. 0-0 0-0 7. Nbd2 Re8 8. e4 dxe4 9. Nxe4 Nxe4 10. Bxe4 Bg4 11. c3 Nd7 12. h3 Bxf3 13. Qxf3 e5 14. Be3 exd4 15. cxd4 Nf6 16. Bc2 Qd5 17. Qxd5 Nxd5 18. Rae1 Rad8 19. Bb3 Nc7 20. f4 Bxd4 21. Bxd4 Rxd4 22. Rxe8+ Nxe8 23. f5 g5 24. g4 Kg7 25. Re1 Nf6 26. Re7 Rd7 27. Re2 h5 28. Rg2 hxg4 29. hxg4 Rd4 30. Kf2 Rd2+ 31. Kf3 Rxg2 32. Kxg2 Nxg4 33. Kf3 Nh6 34. Ke4 Kf6 35. Bd1 Nxf5 36. Bg4 Nd6+ 37. Kd4 b6 38. a4 a5 39. Bd7 Nf5+ 40. Kc4 Ne7 41. Kd4 c5+ 42. Kc4 Ke5 43. Kb5 Nd5 44. Kc6 c4 45. Bg4 f5 46. Bf3 Ne3 47. Kxb6 g4 48. Bh1 g3 49. Kxa5 g2 50. Bxg2 Nxg2 51. Kb5 f4 52. a5 f3 53. a6 f2 54. a7 f1Q 55. a8Q c3+ 56. Kb4 Qf4+ 57. Kxc3 Qd4+ 58. Kb3 Qd3+ 59. Ka2 Qc4+ 60. b3 Qc2+ 61. Ka3 Qc1+ 62. Kb4 Qd2+ 63. Kb5 Qd3+ 64. Ka4 Qd4+ 65. Kb5 Qd7+ 66. Qc6 Qd3+ 67. Kb4 Qd4+ 68. Qc4 Qd2+ 69. Qc3+ Qxc3+ 70. Kxc3 Kd6 71. Kb4 Kc7 72. Kb5 Kb8 73. Kb6 Nf4 74. Kc6 Ne6 75. b4 Ng7 76. b5 Ne6 77. Kb6 Nd4 1/2-1/2

[Event "ECF Schools-ch"]
[Site "Nottingham"]
[Date "2024.06.27"]
[Round "3.6"]
[White "Fielding, James"]
[Black "Burns, Luke"]
[Result "0-1"]
[WhiteElo "1521"]
[BlackElo "1358"]
[PlyCount "106"]
[EventDate "2024.06.27"]
[EventType "team-swiss"]
[EventRounds "5"]
[EventCountry "ENG"]
[SourceTitle "EXT 2025"]
[Source "ChessBase"]
[SourceDate "2024.10.14"]
[SourceVersion "1"]
[SourceVersionDate "2024.10.14"]
[SourceQuality "1"]
[WhiteTeam "Altrincham Grammar School"]
[BlackTeam "Bolton School"]
[WhiteTeamCountry "ENG"]
[BlackTeamCountry "ENG"]

1. d4 d5 2. Nf3 Bf5 3. e3 e6 4. Bd3 Bg6 5. 0-0 Bd6 6. b3 Nd7 7. Bb2 Qe7 8. Nbd2 e5 9. dxe5 Nxe5 10. Nxe5 Bxe5 11. Bxe5 Qxe5 12. Nf3 Qd6 13. Qd2 Nf6 14. Rfe1 Ne4 15. Bxe4 Bxe4 16. Qd1 0-0-0 17. a4 Qf6 18. Nd2 h5 19. Nxe4 dxe4 20. Qe2 Qc3 21. Rad1 f5 22. Rxd8+ Rxd8 23. Rd1 g6 24. Rxd8+ Kxd8 25. Qd1+ Kc8 26. h3 h4 27. Qe2 c6 28. Kh2 Kc7 29. Qd1 a5 30. Qe2 Kd6 31. Qd1+ Kc5 32. Qe2 Kb4 33. Qd1 Ka3 34. Qd6+ Qb4 35. Qxg6 Qc5 36. Qe6 Kb2 37. Qc4 Qd6+ 38. Kg1 Qd1+ 39. Kh2 Qd6+ 40. Kg1 c5 41. Qe2 Ka3 42. Qc4 b6 43. Qc3 Ka2 44. Qg7 Qd1+ 45. Kh2 Qxc2 46. Qe5 Qxf2 47. Qc3 Kb1 48. Qc4 Qxe3 49. Qf1+ Ka2 50. Qxf5 Kxb3 51. Qd5+ Kxa4 52. Qc4+ Ka3 53. Qc1+ Qxc1 0-1